Linie lotnicze - Statystyki

Ogólne statystyki
  • Ten quiz został rozwiązany 6 razy
  • Średni wynik to 12 z 38
Statystyki odpowiedzi
Hint Odpowiedź % Poprawnych
Air France AF
80%
Aegan A3
60%
British Airways BA
60%
Ryanair FR
60%
KLM KL
60%
Lufthansa LH
60%
LOT LO
60%
Turkish Airlines TK
60%
Wizz Air W6
60%
Finnair AY
40%
Enter Air ENT
40%
Eurowings EW
40%
Swiss IAL LX
40%
Smartwings Poland 3Z
20%
Mavi Gok Airlines 4M
20%
Air Baltic BT
20%
Norwegian (Air Sweden) D8
20%
Air Arabia G9
20%
Norwegian (Air Shuttle) DY
20%
EasyJet Europe EJU
20%
Air Dolomiti EN
20%
EasyJet Switzerland EZS
20%
EasyJet EZY
20%
FlyDubai FZ
20%
Jezeera Airways J9
20%
Air Serbia JU
20%
Luxair LG
20%
Jet2.com LS
20%
ELAL LY
20%
Austrian Airlines OS
20%
Pegasus Airlines PC
20%
Ryanair UK RK
20%
Ryanair Sun RR
20%
Brussels Airlines SN
20%
Wizz Air Malta W4
20%
Sun Express XQ
20%
AlbaStar AP
0%
Freebird Airlines FH
0%
Nie znaleziono quizów pasujących do podanych kryteriów
Rozkład punktacji
Procent ludzi z każdym wynikiem
Percentyl według liczby udzielonych odpowiedzi
Twoja historia wyników
Nie rozwiązałeś tego quizu